[Event "Belgrade-chT"]
[Site "Belgrade"]
[Date "2020.10.12"]
[Round "8.4"]
[White "Svicevic, Rastko"]
[Black "Jakovljevic, Zoran D"]
[Result "0-1"]
[WhiteElo "2215"]
[BlackElo "2084"]
[PlyCount "60"]
[EventDate "2020.10.04"]
[EventType "team-tourn"]
[EventRounds "9"]
[EventCountry "SRB"]
[SourceTitle "EXT 2022"]
[Source "ChessBase"]
[SourceDate "2021.10.06"]
[SourceVersion "1"]
[SourceVersionDate "2021.10.06"]
[SourceQuality "1"]
[WhiteTeam "Politika"]
[BlackTeam "Mirjevo"]
[WhiteTeamCountry "SRB"]
[BlackTeamCountry "SRB"]

1. e4 d6 2. d4 g6 3. Nc3 Bg7 4. Be3 Nf6 5. h3 0-0 6. f4 Nh5 7. Qf3 e5 8. dxe5 dxe5 9. f5 Nc6 10. Bd3 Nd4 11. Qf2 c5 12. 0-0-0 b5 13. Nxb5 Qa5 14. Na3 gxf5 15. exf5 Rb8 16. c3 Ba6 17. Bxa6 Qxa6 18. g4 Nf4 19. Bxf4 exf4 20. g5 Nxf5 21. Ne2 Rxb2 22. Kxb2 Rb8+ 23. Ka1 Qxa3 24. Rb1 Bxc3+ 25. Nxc3 Qxc3+ 26. Rb2 Ne3 27. Qe2 Qd4 28. Rc1 c4 29. Rc3 Rxb2 30. Kxb2 Nd5 0-1

[Event "Belgrade-chT"]
[Site "Belgrade"]
[Date "2020.10.05"]
[Round "2.4"]
[White "Jakovljevic, Zoran D"]
[Black "Savic, Mihailo S"]
[Result "1-0"]
[WhiteElo "2084"]
[BlackElo "2160"]
[PlyCount "83"]
[EventDate "2020.10.04"]
[EventType "team-tourn"]
[EventRounds "9"]
[EventCountry "SRB"]
[SourceTitle "EXT 2022"]
[Source "ChessBase"]
[SourceDate "2021.10.06"]
[SourceVersion "1"]
[SourceVersionDate "2021.10.06"]
[SourceQuality "1"]
[WhiteTeam "Mirjevo"]
[BlackTeam "Belgrade"]
[WhiteTeamCountry "SRB"]
[BlackTeamCountry "SRB"]

1. g3 e5 2. Bg2 d5 3. d3 Nf6 4. Nf3 Bd6 5. 0-0 Bg4 6. h3 Bh5 7. Nc3 c6 8. e4 d4 9. Ne2 h6 10. g4 Bg6 11. Nh4 Bh7 12. Nf5 Bxf5 13. exf5 Nbd7 14. Ng3 Qb6 15. c4 Nc5 16. Re1 0-0-0 17. Rb1 a5 18. b4 axb4 19. Ba3 Na6 20. Bxb4 Bxb4 21. a3 Rhe8 22. c5 Qxc5 23. axb4 Qb5 24. Qb3 Nd5 25. Bxd5 Qxd5 26. Qa3 Nc7 27. Qa7 Nb5 28. Qb6 Nd6 29. b5 Nxb5 30. Rec1 Kb8 31. Ne4 Re7 32. Nc5 Rde8 33. Rxb5 cxb5 34. Na6+ Ka8 35. Nc7+ Rxc7 36. Rxc7 e4 37. dxe4 Qxe4 38. Rc1 Qe5 39. Ra1+ Kb8 40. Qa7+ Kc8 41. Rc1+ Kd8 42. Qxb7 1-0

[Event "Belgrade ChessAmateur op 5th"]
[Site "Belgrade"]
[Date "2019.01.06"]
[Round "4"]
[White "Jakovljevic, Zoran D"]
[Black "Battamir, Enkhbold"]
[Result "1-0"]
[WhiteElo "2101"]
[BlackElo "1203"]
[PlyCount "59"]
[EventDate "2019.01.04"]
[EventType "swiss"]
[EventRounds "9"]
[EventCountry "SRB"]
[SourceTitle "CBM 188 Extra"]
[Source "ChessBase"]
[SourceDate "2019.02.26"]
[SourceVersion "1"]
[SourceVersionDate "2019.02.26"]
[SourceQuality "1"]

1. g3 g6 2. d3 Bg7 3. Bg2 c5 4. Nc3 Nc6 5. e4 d6 6. h3 Nf6 7. f4 0-0 8. Nf3 Rb8 9. g4 b5 10. 0-0 a5 11. Ne2 b4 12. Ng3 Bb7 13. g5 Nd7 14. h4 a4 15. Rb1 Ba6 16. b3 a3 17. h5 Ra8 18. Nh4 Bb5 19. e5 dxe5 20. f5 e4 21. Bxe4 Bd4+ 22. Kh1 Bb2 23. hxg6 fxg6 24. Bf4 Be5 25. fxg6 hxg6 26. Bxg6 Rxf4 27. Qh5 Nf8 28. Rxf4 Bxf4 29. Bf7+ Kg7 30. Ngf5# 1-0

[Event "Belgrade ChessAmateur op 5th"]
[Site "Belgrade"]
[Date "2019.01.05"]
[Round "3"]
[White "Svicevic, Rastko"]
[Black "Jakovljevic, Zoran D"]
[Result "1-0"]
[WhiteElo "2237"]
[BlackElo "2101"]
[PlyCount "83"]
[EventDate "2019.01.04"]
[EventType "swiss"]
[EventRounds "9"]
[EventCountry "SRB"]
[SourceTitle "CBM 188 Extra"]
[Source "ChessBase"]
[SourceDate "2019.02.26"]
[SourceVersion "1"]
[SourceVersionDate "2019.02.26"]
[SourceQuality "1"]

1. e4 d6 2. d4 g6 3. Nc3 Bg7 4. Be3 Nf6 5. h3 a6 6. f4 b5 7. e5 Nfd7 8. Nf3 0-0 9. Bd3 Nb6 10. a4 b4 11. Ne4 Bb7 12. a5 Nd5 13. Bd2 c5 14. dxc5 dxe5 15. fxe5 Nc6 16. 0-0 Nxe5 17. Nxe5 Bxe5 18. Bh6 Bg7 19. Bxg7 Kxg7 20. Qe2 Qc7 21. Qf2 h6 22. Bc4 f5 23. Bxd5 fxe4 24. Qd4+ e5 25. Qxe4 Bxd5 26. Qxd5 Rad8 27. Qe4 Qxc5+ 28. Kh2 Qd4 29. Qb7+ Rd7 30. Qxa6 Rxf1 31. Rxf1 e4 32. Qe6 e3 33. Rf3 e2 34. Qxe2 Qxb2 35. Qe8 Qd4 36. Qf8+ Kh7 37. a6 Rg7 38. Qb8 h5 39. Rd3 Qa1 40. Qd6 Qa4 41. Rb3 Ra7 42. Re3 1-0